000
00307nam a2200109 4500
008
b xx# fre u
040
_a
LB-BrCRDP
082
1
_a
107
_b
WIT
245
1
0
_a
Leçons sur la liberté de la volonté
_c
L.Wittgenstein
942
_c
BK
999
_c
9523
_d
9523